[Event "Olomouc 2010 - IM3 Ave-Kontakt Cup"]
[Site "Olomouc (CZE), Hotel Sigma"]
[Date "2010.08.09"]
[Round "6"]
[White "Brodowski, Piotr"]
[Black "Vrana, Jan"]
[Result "0-1"]
[WhiteElo "2421"]
[BlackElo "2346"]
[PlyCount "88"]
[EventDate "2010.08.04"]

1. Nc3 Nf6 2. d4 d5 3. Bg5 c6 4. Qd3 g6 5. f3 Bg7 6. e4 O-O 7. O-O-O b5 8. Nce2
b4 9. e5 Nfd7 10. Qd2 f6 11. Bh6 Bxh6 12. Qxh6 fxe5 13. h4 Rf6 14. h5 Qf8 15.
Qg5 Rf5 16. Qg3 Qh6+ 17. Kb1 Rxh5 18. Nh3 Nf8 19. dxe5 Bxh3 20. Nf4 Rxe5 21.
Nxh3 Nbd7 22. Nf2 Qg7 23. Nd3 Re6 24. Nxb4 a5 25. Na6 Rd6 26. Qe1 a4 27. Qa5
Nb8 28. c4 Nxa6 29. cxd5 Rb8 30. Rd2 cxd5 31. Rh4 Rdb6 32. Bxa6 Rxb2+ 33. Kc1
Rxd2 34. Kxd2 Qb2+ 35. Kd3 Qxa2 36. Rxa4 Qb3+ 37. Ke2 Qc2+ 38. Ke3 Rb3+ 39. Kf4
Qf5+ 40. Kg3 Qe5+ 41. Kh3 Rb1 42. f4 Qe3+ 43. Kg4 h5+ 44. Kg5 Kg7 0-1

[Event "Olomouc 2010 - IM3 Ave-Kontakt Cup"]
[Site "Olomouc (CZE), Hotel Sigma"]
[Date "2010.08.09"]
[Round "6"]
[White "Chernyshova, Natalia"]
[Black "Biolek, Richard"]
[Result "0-1"]
[WhiteElo "2019"]
[BlackElo "2441"]
[PlyCount "190"]
[EventDate "2010.08.04"]

1. d4 g6 2. e4 Bg7 3. c3 d6 4. Bg5 Nd7 5. Nf3 c5 6. Bd3 Qb6 7. Qb3 cxd4 8. Qxb6
Nxb6 9. cxd4 Bg4 10. Nbd2 Rc8 11. O-O Nf6 12. h3 Bd7 13. Rfc1 O-O 14. b3 h6 15.
Be3 d5 16. e5 Nh7 17. Nf1 Rfe8 18. Rxc8 Rxc8 19. Rc1 Nf8 20. Rxc8 Bxc8 21. Bd2
Ne6 22. Bb4 Kf8 23. g3 Bd7 24. Ne3 Bc6 25. Nc2 g5 26. Ne3 Bd7 27. Nf5 Nc8 28.
Kg2 Nd8 29. Nxg7 Kxg7 30. Nd2 Ne6 31. Bc3 a6 32. Nf1 Na7 33. Ne3 Nc7 34. a4 Nc6
35. g4 e6 36. Bb2 Na5 37. Bc2 b5 38. Bc3 Nc6 39. Bd3 b4 40. Bb2 f6 41. Nc2 Be8
42. f4 gxf4 43. Kf3 Bg6 44. exf6+ Kxf6 45. Bxg6 Kxg6 46. Kxf4 Ne8 47. Ne1 Nd6
48. Nd3 Kf6 49. Nc5 a5 50. h4 Ke7 51. g5 h5 52. g6 Kf6 53. g7 Ne7 54. Nd7+ Kf7
55. Kg5 Kxg7 56. Kxh5 Ne4 57. Nc5 Nf6+ 58. Kg5 Kf7 59. h5 Nc6 60. h6 Nh7+ 61.
Kf4 Ke7 62. Nd3 Kf6 63. Ne5 Nf8 64. Nd3 Ne7 65. Kg4 Kg6 66. Bc1 Nc6 67. Nf4+
Kf7 68. Be3 Nh7 69. Kh5 Ne7 70. Nd3 Kf6 71. Bf2 Kf5 72. Bh4 Nc6 73. Bf2 Nf6+
74. Kh4 Ne7 75. Kh3 Neg8 76. h7 Nxh7 77. Nc5 Ng5+ 78. Kg2 Ne7 79. Bh4 Nc6 80.
Bxg5 Kxg5 81. Nxe6+ Kf5 82. Nc5 Nxd4 83. Kf2 Kf4 84. Nd3+ Ke4 85. Nc5+ Ke5 86.
Ke3 Nc2+ 87. Kd2 Nd4 88. Kd3 Nc6 89. Nd7+ Kd6 90. Nf6 Nd8 91. Ne8+ Ke5 92. Nc7
Ne6 93. Na6 Kd6 94. Nb8 Kc7 95. Na6+ Kb7 0-1

[Event "Olomouc 2010 - IM3 Ave-Kontakt Cup"]
[Site "Olomouc (CZE), Hotel Sigma"]
[Date "2010.08.09"]
[Round "6"]
[White "Matuszewski, Michal"]
[Black "Chlost, Marlena"]
[Result "1-0"]
[WhiteElo "2317"]
[BlackElo "2163"]
[PlyCount "187"]
[EventDate "2010.08.04"]

1. d4 Nf6 2. c4 g6 3. Nc3 d5 4. Bg5 Ne4 5. Bh4 c5 6. e3 Qa5 7. Nf3 Nc6 8. Rc1
Bg4 9. cxd5 cxd4 10. exd4 Nxc3 11. Rxc3 Bxf3 12. Qxf3 Nxd4 13. Qe4 Nf5 14. Bf6
Bg7 15. Bxg7 Nxg7 16. d6 O-O 17. dxe7 Rfe8 18. Bc4 Qf5 19. Re3 Qa5+ 20. Rc3 Qf5
21. Qxf5 Rxe7+ 22. Qe6 Nxe6 23. O-O Nd4 24. Re3 Rae8 25. Rd1 Nc6 26. Rxe7 Rxe7
27. g3 Ne5 28. Be2 Rc7 29. Rd5 Nd7 30. Bf3 Kg7 31. Kg2 Nf6 32. Rb5 b6 33. a4
Ne8 34. b4 Nd6 35. Rd5 Nc4 36. a5 bxa5 37. bxa5 Kf6 38. Rb5 Nd6 39. Rb8 Re7 40.
Ra8 Ke5 41. a6 Kd4 42. Rh8 h5 43. Rb8 Kc5 44. h4 Re1 45. Rb2 Re7 46. Be2 Kc6
47. Kf3 Re5 48. Bd3 Rd5 49. Ke3 Ra5 50. Kf4 Ra3 51. Be2 Ra5 52. Bd3 Ra3 53. Rd2
Ra5 54. Re2 Kd7 55. Rc2 Ra3 56. Bf1 f6 57. Bh3+ Kd8 58. Rc6 Rd3 59. Bf1 Rd5 60.
Bg2 g5+ 61. hxg5 fxg5+ 62. Ke3 Nf5+ 63. Ke4 Ra5 64. Bh3 g4 65. Bf1 Ne7 66. Rc2
Kd7 67. Rb2 Kd6 68. Rd2+ Kc7 69. Bd3 Nc6 70. Rb2 Kd6 71. Rb7 Ra2 72. Ke3 Ra3
73. Ke4 Ra4+ 74. Kf5 Ra2 75. Kg5 Rxf2 76. Be4 Ra2 77. Bxc6 Kxc6 78. Rxa7 Ra5+
79. Kh4 Ra1 80. Rh7 Kd6 81. Rxh5 Ra4 82. Rh6+ Ke5 83. Kg5 Kd5 84. Rb6 Ke5 85.
Rg6 Kd5 86. Kh5 Ke5 87. Rg5+ Kf6 88. Rxg4 Ra1 89. Rg6+ Kf7 90. Rb6 Ra5+ 91. Kh4
Kg8 92. g4 Kf8 93. g5 Kg8 94. Kh5 1-0

[Event "Olomouc 2010 - IM3 Ave-Kontakt Cup"]
[Site "Olomouc (CZE), Hotel Sigma"]
[Date "2010.08.09"]
[Round "6"]
[White "Yanjindulam, Dulamsuren"]
[Black "Mukashev, Assan"]
[Result "1-0"]
[WhiteElo "2224"]
[BlackElo "2116"]
[PlyCount "75"]
[EventDate "2010.08.04"]

1. e4 e6 2. d4 d5 3. e5 c5 4. c3 Nc6 5. Nf3 Qb6 6. a3 c4 7. Nbd2 Na5 8. Rb1 Bd7
9. b4 cxb3 10. c4 Ne7 11. Bd3 Ba4 12. O-O Qc6 13. Qe2 dxc4 14. Nxc4 Nxc4 15.
Bxc4 Nd5 16. Bd2 Nb6 17. Bd3 Be7 18. Rxb3 O-O 19. Rc3 Qd7 20. Ng5 g6 21. Nxh7
Qxd4 22. Nxf8 Bxf8 23. Bb1 Bg7 24. Re1 a6 25. Rd3 Qc4 26. Be3 Nd7 27. f4 Bb5
28. Qd2 Qc8 29. Rc1 Qe8 30. Rd4 g5 31. a4 gxf4 32. Bxf4 Bc6 33. Rxc6 bxc6 34.
Rxd7 Qb8 35. Qd3 Qb4 36. Bd2 Qb2 37. Bh6 Qxe5 38. Qh7+ 1-0

[Event "Olomouc 2010 - IM3 Ave-Kontakt Cup"]
[Site "Olomouc (CZE), Hotel Sigma"]
[Date "2010.08.10"]
[Round "7"]
[White "Chlost, Marlena"]
[Black "Chernyshova, Natalia"]
[Result "1-0"]
[WhiteElo "2163"]
[BlackElo "2019"]
[PlyCount "89"]
[EventDate "2010.08.04"]

1. e4 c5 2. Nf3 Nc6 3. d4 cxd4 4. Nxd4 Nf6 5. Nc3 d6 6. Bg5 Bd7 7. Qd2 Rc8 8.
Bxf6 gxf6 9. Nf5 Bxf5 10. exf5 Qa5 11. Bd3 Bg7 12. O-O O-O 13. Rfe1 Rfe8 14.
Qf4 Qb4 15. Ne4 Ne5 16. Bf1 Kh8 17. c3 Qb6 18. Rab1 d5 19. Ng3 Rcd8 20. Red1
Rd6 21. Rd4 Nc6 22. Rd2 Red8 23. Rbd1 Ne5 24. Nh5 Bf8 25. Kh1 Nc6 26. b3 d4 27.
c4 Qc5 28. Ng3 Qe5 29. Qh4 d3 30. Qe4 Qxe4 31. Nxe4 Rd4 32. Rxd3 Rxe4 33. Rxd8
Nxd8 34. Rxd8 Re1 35. Kg1 Kg7 36. Rd7 Ra1 37. a4 b6 38. Rxa7 Rb1 39. Rb7 Rxb3
40. a5 e6 41. fxe6 Bc5 42. e7 Rb2 43. e8=Q Rxf2 44. Qxf7+ Kh6 45. Qxh7+ 1-0

[Event "Olomouc 2010 - IM3 Ave-Kontakt Cup"]
[Site "Olomouc (CZE), Hotel Sigma"]
[Date "2010.08.10"]
[Round "7"]
[White "Jurek, Josef"]
[Black "Brodowski, Piotr"]
[Result "1/2-1/2"]
[WhiteElo "2352"]
[BlackElo "2421"]
[PlyCount "86"]
[EventDate "2010.08.04"]

1. d4 d5 2. Nf3 Nf6 3. c4 dxc4 4. e3 e6 5. Bxc4 a6 6. O-O c5 7. dxc5 Qxd1 8.
Rxd1 Bxc5 9. Nbd2 b6 10. Be2 Bb7 11. a3 Nbd7 12. b4 Be7 13. Bb2 O-O 14. Rac1
Rfc8 15. Nc4 Bd5 16. Nce5 Nxe5 17. Nxe5 a5 18. Bd4 axb4 19. axb4 Bxb4 20. Bxb6
Ne4 21. Rxc8+ Rxc8 22. Ba6 Rb8 23. Rc1 f6 24. Nd7 Ra8 25. Rc8+ Rxc8 26. Bxc8
Kf7 27. f3 Nd6 28. Ba6 Bc4 29. Bc5 Bd2 30. Bxc4 Nxc4 31. Kf2 Ba5 32. Ke2 Bc7
33. g3 Ke8 34. Nf8 Kf7 35. Nd7 h5 36. e4 Ke8 37. Nf8 Kf7 38. Nd7 g5 39. Bf2 g4
40. f4 h4 41. Kd3 Nb2+ 42. Kc2 Nc4 43. Kd3 Nb2+ 1/2-1/2

[Event "Olomouc 2010 - IM3 Ave-Kontakt Cup"]
[Site "Olomouc (CZE), Hotel Sigma"]
[Date "2010.08.10"]
[Round "7"]
[White "Mukashev, Assan"]
[Black "Matuszewski, Michal"]
[Result "1/2-1/2"]
[WhiteElo "2116"]
[BlackElo "2317"]
[PlyCount "48"]
[EventDate "2010.08.04"]

1. d4 d5 2. c4 e6 3. Nf3 c6 4. Qc2 Nf6 5. g3 dxc4 6. Qxc4 b5 7. Qd3 Bb7 8. Bg2
Nbd7 9. O-O a6 10. a4 c5 11. Ne5 Bxg2 12. Kxg2 Bd6 13. Bf4 Nd5 14. Nxd7 c4 15.
Qf3 Bxf4 16. gxf4 Qxd7 17. axb5 O-O 18. bxa6 Rfb8 19. Na3 Rb3 20. e3 Qc6 21.
Rfc1 g6 22. Nxc4 Nxf4+ 23. Kg3 Nh5+ 24. Kg2 Nf4+ 1/2-1/2

[Event "Olomouc 2010 - IM3 Ave-Kontakt Cup"]
[Site "Olomouc (CZE), Hotel Sigma"]
[Date "2010.08.10"]
[Round "7"]
[White "Vrana, Jan"]
[Black "Yanjindulam, Dulamsuren"]
[Result "1/2-1/2"]
[WhiteElo "2346"]
[BlackElo "2224"]
[PlyCount "153"]
[EventDate "2010.08.04"]

1. e4 d6 2. d4 g6 3. f4 Nf6 4. Nc3 Bg7 5. Nf3 O-O 6. Bd3 Na6 7. O-O c5 8. d5
Nb4 9. Bc4 e6 10. dxe6 Bxe6 11. Bxe6 fxe6 12. a3 Nc6 13. Qd3 Qe7 14. Bd2 a6 15.
Rae1 b5 16. e5 dxe5 17. Nxe5 Nxe5 18. Rxe5 Ng4 19. Re2 Qh4 20. Qh3 Bd4+ 21. Kh1
Qxh3 22. gxh3 Ne5 23. b3 c4 24. Kg2 cxb3 25. fxe5 Rxf1 26. Kxf1 Rf8+ 27. Kg2
Rc8 28. cxb3 Bxc3 29. Bg5 Rc5 30. Bf6 Rd5 31. Re3 Bb2 32. a4 Rd2+ 33. Kg3 Bd4
34. Rf3 Re2 35. Kf4 h6 36. axb5 axb5 37. Rd3 Bxe5+ 38. Kf3 Re1 39. Kf2 Re4 40.
Bxe5 Rxe5 41. Rd7 Re4 42. Rb7 Rb4 43. Re7 Rxb3 44. Rxe6 Kf7 45. Rb6 Rxh3 46.
Rb7+ Ke8 47. Kg2 Rh5 48. Kg3 Kd8 49. h4 Kc8 50. Rb6 g5 51. hxg5 Rxg5+ 52. Kf4
Rh5 53. Kg4 Re5 54. Rxh6 Kc7 55. Kf4 Re1 56. Kf3 Re8 57. Rg6 Re7 58. Rh6 Kb7
59. Rg6 Ka7 60. Rh6 Re5 61. Kf4 Re1 62. Kf3 Re7 63. Rg6 Re5 64. Kf4 Re7 65. Kf3
Kb7 66. Rh6 Kc7 67. Rg6 Re8 68. Rh6 Re1 69. Rg6 Kb7 70. Rh6 Kc7 71. Rg6 Re5 72.
Kf4 Re7 73. Kf3 b4 74. Rg4 b3 75. Rb4 Rh7 76. Kg3 Kc6 77. Rxb3 1/2-1/2

[Event "Olomouc 2010 - IM3 Ave-Kontakt Cup"]
[Site "Olomouc (CZE), Hotel Sigma"]
[Date "2010.08.11"]
[Round "8"]
[White "Brodowski, Piotr"]
[Black "Biolek, Richard"]
[Result "1/2-1/2"]
[WhiteElo "2421"]
[BlackElo "2441"]
[PlyCount "21"]
[EventDate "2010.08.04"]

1. e4 d5 2. exd5 Nf6 3. d4 Nxd5 4. Be2 Bf5 5. Nf3 e6 6. O-O Be7 7. a3 O-O 8. c4
Nb6 9. Nc3 Bf6 10. Be3 Nc6 11. b4 1/2-1/2

[Event "Olomouc 2010 - IM3 Ave-Kontakt Cup"]
[Site "Olomouc (CZE), Hotel Sigma"]
[Date "2010.08.11"]
[Round "8"]
[White "Chernyshova, Natalia"]
[Black "Chetverik, Maxim"]
[Result "1/2-1/2"]
[WhiteElo "2019"]
[BlackElo "2330"]
[PlyCount "25"]
[EventDate "2010.08.04"]

1. d4 d5 2. c4 c6 3. cxd5 cxd5 4. Nc3 Nf6 5. Nf3 Nc6 6. Bf4 Bf5 7. e3 e6 8. Bd3
Bxd3 9. Qxd3 Bd6 10. Bxd6 Qxd6 11. O-O Rc8 12. Rac1 O-O 13. a3 1/2-1/2

[Event "Olomouc 2010 - IM3 Ave-Kontakt Cup"]
[Site "Olomouc (CZE), Hotel Sigma"]
[Date "2010.08.11"]
[Round "8"]
[White "Chlost, Marlena"]
[Black "Mukashev, Assan"]
[Result "1-0"]
[WhiteElo "2163"]
[BlackElo "2116"]
[PlyCount "61"]
[EventDate "2010.08.04"]

1. e4 e6 2. d4 d5 3. e5 c5 4. c3 Qb6 5. Nf3 Bd7 6. Bd3 cxd4 7. Nxd4 Nc6 8. Nxc6
bxc6 9. O-O Ne7 10. Nd2 Ng6 11. Nf3 c5 12. Re1 Bb5 13. Bc2 Be7 14. b4 O-O 15.
a4 Be8 16. Be3 Qc7 17. Rb1 Rc8 18. Bd3 Rb8 19. b5 a6 20. c4 dxc4 21. Bxc4 axb5
22. axb5 Rd8 23. Qc1 Nxe5 24. Nxe5 Qxe5 25. Bf4 Qh5 26. b6 Bc6 27. b7 Qg6 28.
Bf1 e5 29. Bxe5 Bd6 30. Rb6 Qh5 31. Bxd6 1-0

[Event "Olomouc 2010 - IM3 Ave-Kontakt Cup"]
[Site "Olomouc (CZE), Hotel Sigma"]
[Date "2010.08.11"]
[Round "8"]
[White "Matuszewski, Michal"]
[Black "Vrana, Jan"]
[Result "1/2-1/2"]
[WhiteElo "2317"]
[BlackElo "2346"]
[PlyCount "73"]
[EventDate "2010.08.04"]

1. d4 d5 2. c4 e6 3. Nf3 Nf6 4. Nc3 Be7 5. Bg5 O-O 6. e3 h6 7. Bh4 b6 8. cxd5
exd5 9. Bd3 Bb7 10. O-O Nbd7 11. Rc1 c5 12. dxc5 bxc5 13. Bf5 Re8 14. Qd3 Nb6
15. Rfd1 Nfd7 16. Bg3 Bf6 17. Qb5 d4 18. Bxd7 Qxd7 19. exd4 Bxf3 20. gxf3 cxd4
21. Qxd7 Nxd7 22. Ne4 Be5 23. Kg2 Rad8 24. Nd6 Re6 25. Nf5 Nf8 26. Bxe5 Rxe5
27. Rxd4 Rb8 28. Ng3 Ra5 29. a3 Ne6 30. Rd2 Nf4+ 31. Kf1 Rb3 32. Ne2 Nxe2 33.
Kxe2 Re5+ 34. Kf1 Rxf3 35. Rc8+ Kh7 36. Rc7 a5 37. Rcd7 1/2-1/2

[Event "Olomouc 2010 - IM3 Ave-Kontakt Cup"]
[Site "Olomouc (CZE), Hotel Sigma"]
[Date "2010.08.11"]
[Round "8"]
[White "Yanjindulam, Dulamsuren"]
[Black "Jurek, Josef"]
[Result "0-1"]
[WhiteElo "2224"]
[BlackElo "2352"]
[PlyCount "102"]
[EventDate "2010.08.04"]

1. e4 e6 2. d4 d5 3. e5 c5 4. c3 Bd7 5. Nf3 Qb6 6. a3 Bb5 7. b4 cxd4 8. Bxb5+
Qxb5 9. cxd4 Nd7 10. Nc3 Qa6 11. b5 Qa5 12. Bd2 Qd8 13. Na4 Nh6 14. O-O Nf5 15.
Qb3 h5 16. Rac1 Be7 17. Bb4 O-O 18. Rc2 Bxb4 19. Qxb4 Rc8 20. Rfc1 Rxc2 21.
Rxc2 Nb6 22. Nc5 Qe7 23. Nd2 Rc8 24. Rc3 Rc7 25. Ndb3 Nc4 26. Qa4 Nxd4 27. Nxd4
Qxc5 28. Qd1 g6 29. g4 hxg4 30. Qxg4 Qe7 31. Qf4 Nxe5 32. Rh3 Nc4 33. Kg2 Nd6
34. Qe5 f6 35. Qg3 Ne4 36. Qh4 Ng5 37. Qh8+ Kf7 38. Re3 Rc4 39. Ne2 Qf8 40.
Qxf8+ Kxf8 41. Kg3 Kf7 42. f3 e5 43. Rd3 d4 44. Rb3 b6 45. Kg2 Ne6 46. Ng3 f5
47. h4 Nf4+ 48. Kf1 Ke6 49. Ke1 Ng2+ 50. Kd2 Nxh4 51. Ne2 g5 0-1

[Event "Olomouc 2010 - IM3 Ave-Kontakt Cup"]
[Site "Olomouc (CZE), Hotel Sigma"]
[Date "2010.08.12"]
[Round "9"]
[White "Biolek, Richard"]
[Black "Yanjindulam, Dulamsuren"]
[Result "1/2-1/2"]
[WhiteElo "2441"]
[BlackElo "2224"]
[PlyCount "42"]
[EventDate "2010.08.04"]

1. e4 e5 2. Nf3 Nc6 3. Bb5 a6 4. Bxc6 dxc6 5. Nc3 Bd6 6. d4 exd4 7. Qxd4 f6 8.
Be3 Nh6 9. Bxh6 gxh6 10. Qe3 Qe7 11. Qxh6 Be6 12. Nd4 O-O-O 13. Nxe6 Qxe6 14.
Qh3 Qxh3 15. gxh3 Rhg8 16. Ke2 Rg2 17. Rad1 Rdg8 18. Kf3 R2g5 19. Rd3 Rh5 20.
Ke2 f5 21. Re1 Bxh2 1/2-1/2

[Event "Olomouc 2010 - IM3 Ave-Kontakt Cup"]
[Site "Olomouc (CZE), Hotel Sigma"]
[Date "2010.08.12"]
[Round "9"]
[White "Chetverik, Maxim"]
[Black "Brodowski, Piotr"]
[Result "1/2-1/2"]
[WhiteElo "2330"]
[BlackElo "2421"]
[PlyCount "20"]
[EventDate "2010.08.04"]

1. d4 g6 2. c4 Bg7 3. Nf3 c5 4. d5 d6 5. g3 f5 6. Bg2 Na6 7. O-O Nc7 8. Nc3 Nf6
9. Rb1 O-O 10. b3 Rb8 1/2-1/2

[Event "Olomouc 2010 - IM3 Ave-Kontakt Cup"]
[Site "Olomouc (CZE), Hotel Sigma"]
[Date "2010.08.12"]
[Round "9"]
[White "Mukashev, Assan"]
[Black "Chernyshova, Natalia"]
[Result "1/2-1/2"]
[WhiteElo "2116"]
[BlackElo "2019"]
[PlyCount "77"]
[EventDate "2010.08.04"]

1. d4 d5 2. c4 c6 3. Nf3 Nf6 4. Qb3 e6 5. g3 Be7 6. Bg2 O-O 7. O-O Nbd7 8. a4
dxc4 9. Qxc4 Nb6 10. Qb3 a5 11. Nc3 Nbd7 12. Re1 Qb6 13. Qxb6 Nxb6 14. Ne5 Rd8
15. Nd3 Nbd5 16. e4 Nb4 17. Nxb4 axb4 18. Ne2 b5 19. a5 Rd7 20. Be3 Ra6 21. Nc1
Ng4 22. Nb3 Nxe3 23. Rxe3 e5 24. Nc5 Bxc5 25. dxc5 Rd2 26. Ree1 Kf8 27. Red1
Rxd1+ 28. Rxd1 Ke7 29. Ra1 Be6 30. f4 f6 31. Bf3 Bb3 32. Bg4 Kd8 33. Kf2 Kc7
34. Ke1 Kb7 35. Bd1 Be6 36. b3 Ra8 37. Kd2 Rd8+ 38. Ke3 Ka6 39. Bc2 1/2-1/2

[Event "Olomouc 2010 - IM3 Ave-Kontakt Cup"]
[Site "Olomouc (CZE), Hotel Sigma"]
[Date "2010.08.12"]
[Round "9"]
[White "Vrana, Jan"]
[Black "Chlost, Marlena"]
[Result "1-0"]
[WhiteElo "2346"]
[BlackElo "2163"]
[PlyCount "85"]
[EventDate "2010.08.04"]

1. e4 c5 2. Nf3 d6 3. d4 cxd4 4. Qxd4 a6 5. Be3 Nc6 6. Qd2 Nf6 7. Nc3 e6 8.
O-O-O Be7 9. Bf4 Ng4 10. h3 Nge5 11. Nxe5 dxe5 12. Qxd8+ Bxd8 13. Be3 O-O 14.
Na4 b5 15. Nb6 Rb8 16. Nd7 Bxd7 17. Rxd7 Bb6 18. Bxb6 Rxb6 19. Bd3 Nb4 20. a3
Nxd3+ 21. Rxd3 Rc8 22. Rhd1 Kf8 23. Rd7 Rbc6 24. c3 g5 25. f3 h5 26. Ra7 Kg7
27. Rdd7 Rf8 28. Kd2 Kg6 29. Ke3 f5 30. Rg7+ Kf6 31. Rh7 f4+ 32. Ke2 Kg6 33.
Rhg7+ Kh6 34. Rgc7 Rd6 35. Rd7 Rc6 36. Rac7 Rb6 37. b4 Ra8 38. Kd3 a5 39. bxa5
Rxa5 40. Rh7+ Kg6 41. Rcg7+ Kf6 42. Ra7 Rba6 43. Rh6# 1-0

[Event "Olomouc 2010 - Open Olomouc"]
[Site "Olomouc (CZE), Hotel Sigma"]
[Date "2010.08.05"]
[Round "1"]
[White "Blazeka, Djuro"]
[Black "Tolstikh, Nikolai"]
[Result "0-1"]
[WhiteElo "1933"]
[BlackElo "2387"]
[PlyCount "84"]
[EventDate "2010.08.05"]

1. e4 c5 2. Nf3 Nc6 3. d4 cxd4 4. Nxd4 Nf6 5. Nc3 e6 6. Ndb5 Bb4 7. a3 Bxc3+ 8.
Nxc3 d5 9. Bd3 O-O 10. exd5 exd5 11. O-O d4 12. Ne4 Bf5 13. Bg5 Bxe4 14. Bxe4
h6 15. Bxf6 Qxf6 16. Bxc6 bxc6 17. Qd3 c5 18. Rfe1 Rfe8 19. Kf1 Re5 20. Re4
Rxe4 21. Qxe4 Rd8 22. Re1 Qa6+ 23. Kg1 c4 24. Qe7 Qb6 25. Qb4 Qc6 26. Qe7 Qb6
27. Qb4 Qa6 28. Qe7 Qc8 29. Qe2 d3 30. cxd3 cxd3 31. Qd2 Qc2 32. Rd1 Kh7 33. f3
g6 34. Kf1 Rd7 35. Ke1 Qc7 36. g3 Re7+ 37. Kf1 Re2 38. Qxd3 Rxh2 39. Qd7 Qc4+
40. Qd3 Qc5 41. Rd2 Qc1+ 42. Rd1 Qxb2 0-1

[Event "Olomouc 2010 - Open Olomouc"]
[Site "Olomouc (CZE), Hotel Sigma"]
[Date "2010.08.05"]
[Round "1"]
[White "Brukhtiy, Vasily"]
[Black "Ageichenko, Gennady"]
[Result "0-1"]
[WhiteElo "1936"]
[BlackElo "2402"]
[PlyCount "86"]
[EventDate "2010.08.05"]

1. e4 c5 2. Nc3 e6 3. g3 d5 4. d3 d4 5. Nce2 e5 6. Bg2 Nc6 7. f4 Bd6 8. Nf3
Nge7 9. c3 f6 10. O-O Bg4 11. fxe5 Bxe5 12. h3 Bxf3 13. Rxf3 Qd6 14. c4 g5 15.
Bd2 h5 16. Qe1 a5 17. Rb1 Qe6 18. b3 Bc7 19. a3 Ne5 20. Rf1 Nxd3 21. Qd1 Ne5
22. Nc1 Qd6 23. Be1 h4 24. Nd3 N7g6 25. Qc2 Nxd3 26. Qxd3 Ne5 27. Qe2 O-O-O 28.
b4 d3 29. Qa2 hxg3 30. Bxg3 d2 31. bxc5 Nf3+ 32. Rxf3 d1=Q+ 33. Rxd1 Qxd1+ 34.
Rf1 Rd2 35. Rxd1 Rxa2 36. Bxc7 Kxc7 37. Rf1 Rd8 38. Rxf6 Rd1+ 39. Bf1 Rxa3 40.
Kf2 Rd2+ 41. Kg1 Ra1 42. Rf5 Rdd1 43. Kg2 Rxf1 0-1

[Event "Olomouc 2010 - Open Olomouc"]
[Site "Olomouc (CZE), Hotel Sigma"]
[Date "2010.08.05"]
[Round "1"]
[White "Castaldo, Folco"]
[Black "Lupo, Francesco"]
[Result "1-0"]
[WhiteElo "2403"]
[BlackElo "1940"]
[PlyCount "43"]
[EventDate "2010.08.05"]

1. e4 c6 2. d4 d5 3. f3 dxe4 4. fxe4 e5 5. Nf3 exd4 6. Bc4 Be6 7. Bxe6 fxe6 8.
O-O Nd7 9. Ng5 Nh6 10. Nxe6 Qb6 11. Bxh6 gxh6 12. Qh5+ Ke7 13. Qf7+ Kd6 14. Nd2
Ne5 15. Qf4 d3+ 16. Kh1 Kxe6 17. Qf6+ Kd7 18. Qxh8 Ng4 19. Qxh7+ Ke8 20. Qf7+
Kd8 21. Qxf8+ Kd7 22. Rf7+ 1-0

[Event "Olomouc 2010 - Open Olomouc"]
[Site "Olomouc (CZE), Hotel Sigma"]
[Date "2010.08.05"]
[Round "1"]
[White "Charochkina, Daria"]
[Black "Guzzetti, Luigi Enrico"]
[Result "1-0"]
[WhiteElo "2298"]
[BlackElo "1907"]
[PlyCount "51"]
[EventDate "2010.08.05"]

1. d4 Nf6 2. c4 g6 3. Nc3 Bg7 4. e4 d6 5. f4 c5 6. d5 O-O 7. Nf3 e6 8. Bd3 exd5
9. cxd5 a6 10. a4 Re8 11. O-O Nbd7 12. Re1 Qc7 13. h3 c4 14. Bc2 Nc5 15. Kh1
Kh8 16. e5 Nfd7 17. Ng5 Rf8 18. e6 fxe6 19. dxe6 Nf6 20. e7 Re8 21. Nd5 Nxd5
22. Qxd5 h6 23. Bxg6 Rxe7 24. Rxe7 Qxe7 25. Nf7+ Kg8 26. Nxh6+ 1-0

[Event "Olomouc 2010 - Open Olomouc"]
[Site "Olomouc (CZE), Hotel Sigma"]
[Date "2010.08.05"]
[Round "1"]
[White "Gorbatov, Alexey"]
[Black "Atnilov, Michael"]
[Result "1-0"]
[WhiteElo "2390"]
[BlackElo "1934"]
[PlyCount "101"]
[EventDate "2010.08.05"]

1. Nf3 c5 2. c4 Nc6 3. d4 cxd4 4. Nxd4 g6 5. e4 Bg7 6. Be3 Nf6 7. Nc3 d6 8. Be2
O-O 9. O-O Nxd4 10. Bxd4 Be6 11. Rc1 Rc8 12. b3 Qa5 13. f3 Rfd8 14. Kh1 Qb4 15.
Nb5 Rd7 16. a3 Qa5 17. Nxa7 Ra8 18. Nb5 Qd8 19. Qd2 Rc8 20. Rfd1 Qf8 21. Be3
Rdd8 22. Nd4 Bd7 23. a4 Ne8 24. Nc2 Bc6 25. Nb4 f5 26. exf5 gxf5 27. Nxc6 Rxc6
28. b4 e5 29. b5 Rcc8 30. Qd5+ Kh8 31. Qxb7 Nf6 32. b6 f4 33. Bf2 Bh6 34. Bh4
Rb8 35. Qc6 Rbc8 36. Qb5 Qg7 37. c5 Rg8 38. Bxf6 Qxf6 39. c6 Qg7 40. Bf1 e4 41.
Qd5 exf3 42. Qxf3 Rce8 43. Re1 Re3 44. Rxe3 fxe3 45. Rd1 Rf8 46. Qg3 Qd4 47.
Re1 Bf4 48. Qh4 Qxb6 49. Qe7 Bh6 50. Bd3 Bg7 51. Qe4 1-0

[Event "Olomouc 2010 - Open Olomouc"]
[Site "Olomouc (CZE), Hotel Sigma"]
[Date "2010.08.05"]
[Round "1"]
[White "Guttridge, David"]
[Black "Krapivin, Vladislav"]
[Result "0-1"]
[WhiteElo "1932"]
[BlackElo "2362"]
[PlyCount "64"]
[EventDate "2010.08.05"]

1. d4 Nf6 2. Nf3 d6 3. Bf4 Nbd7 4. e3 g6 5. Be2 Bg7 6. O-O O-O 7. c4 Qe8 8. Nc3
e5 9. Bg3 Qe7 10. Bh4 c6 11. d5 h6 12. e4 c5 13. Nd2 a6 14. a4 a5 15. Qc2 Nb8
16. Rae1 Na6 17. Na2 Qc7 18. f4 exf4 19. Bxf6 Bxf6 20. Rxf4 Qe7 21. Rff1 Kg7
22. Bd3 Qe5 23. Rxf6 Qxf6 24. e5 dxe5 25. Ne4 Qd8 26. Ng3 Re8 27. Rf1 f5 28.
Qf2 Qe7 29. Nc3 Nb4 30. Bb1 Bd7 31. d6 Qxd6 32. Rd1 Qe7 0-1

[Event "Olomouc 2010 - Open Olomouc"]
[Site "Olomouc (CZE), Hotel Sigma"]
[Date "2010.08.05"]
[Round "1"]
[White "Hazenberg, Frans"]
[Black "Zilka, Stepan"]
[Result "0-1"]
[WhiteElo "1964"]
[BlackElo "2493"]
[PlyCount "66"]
[EventDate "2010.08.05"]

1. e4 c5 2. Nf3 d6 3. d4 cxd4 4. Nxd4 Nf6 5. Nc3 a6 6. Bc4 e6 7. Bb3 Nc6 8. O-O
Be7 9. f4 O-O 10. Kh1 Nxd4 11. Qxd4 Nd7 12. Be3 Nc5 13. Bc4 b5 14. Be2 Bb7 15.
Bf3 Bc6 16. Rad1 Qc7 17. g4 Qb7 18. g5 b4 19. Nd5 exd5 20. exd5 Bd7 21. f5 Bxf5
22. Qf4 Bxc2 23. Rd2 Bg6 24. Bxc5 Qb5 25. Re1 Bxg5 26. Qxg5 Qxc5 27. h4 Rae8
28. Rde2 f6 29. Qg4 Re5 30. Rxe5 fxe5 31. h5 Qf2 32. hxg6 Qxe1+ 33. Kh2 Qf2+
0-1

[Event "Olomouc 2010 - Open Olomouc"]
[Site "Olomouc (CZE), Hotel Sigma"]
[Date "2010.08.05"]
[Round "1"]
[White "Jasny, Stanislav"]
[Black "Jenssen, Ove"]
[Result "1-0"]
[WhiteElo "2323"]
[BlackElo "1916"]
[PlyCount "99"]
[EventDate "2010.08.05"]

1. e4 e6 2. d4 d5 3. Nc3 Bb4 4. e5 c5 5. a3 Bxc3+ 6. bxc3 Nc6 7. Nf3 f5 8. Be2
Bd7 9. O-O Nge7 10. h4 Ng6 11. Bg5 Qc7 12. Re1 c4 13. a4 Nge7 14. h5 h6 15. Bh4
O-O-O 16. Qc1 Be8 17. Nh2 g5 18. hxg6 Bxg6 19. a5 Rdg8 20. Qa3 h5 21. Bf6 Rh7
22. Nf3 f4 23. Ng5 Qd7 24. Nxh7 Bxh7 25. Bxh5 Be4 26. f3 Bxc2 27. Qc1 Bd3 28.
Qxf4 Nf5 29. Bg4 Nce7 30. Bxe7 Qxe7 31. Bxf5 Bxf5 32. Kf2 Qe8 33. Rh1 Qb5 34.
Qd2 Bd3 35. Rh6 Kd7 36. g4 Qb3 37. Rah1 Qa3 38. Qf4 Rf8 39. Rf6 Re8 40. Qd2
Qxa5 41. Qb2 b5 42. Ra1 Qb6 43. Rf7+ Re7 44. Rxe7+ Kxe7 45. Qa3+ Kd7 46. Qxa7+
Qxa7 47. Rxa7+ Kc6 48. Ra6+ Kb7 49. Rxe6 b4 50. cxb4 1-0

[Event "Olomouc 2010 - Open Olomouc"]
[Site "Olomouc (CZE), Hotel Sigma"]
[Date "2010.08.05"]
[Round "1"]
[White "Johansson, Jan"]
[Black "Walczak, Krystian"]
[Result "1-0"]
[WhiteElo "2428"]
[BlackElo "1963"]
[PlyCount "63"]
[EventDate "2010.08.05"]

1. d4 Nf6 2. Nf3 b5 3. e4 Nxe4 4. Bxb5 e6 5. O-O Be7 6. Bd3 Nf6 7. c4 c5 8. d5
Bb7 9. Re1 exd5 10. Bg5 O-O 11. cxd5 h6 12. Bh4 Bxd5 13. Nc3 Be6 14. Ne5 Nc6
15. Rc1 Nxe5 16. Rxe5 d6 17. Re1 d5 18. Bb1 Rb8 19. Qc2 Re8 20. Rcd1 g5 21.
Rxe6 gxh4 22. Re5 Bd6 23. Rexd5 Nxd5 24. Qh7+ Kf8 25. Qxh6+ Ke7 26. Nxd5+ Kd7
27. Nf6+ Kc8 28. Nxe8 Bxh2+ 29. Kxh2 Qxd1 30. Bf5+ Kd8 31. Qxh4+ Kxe8 32. Qh8+
1-0